| 000 | 00512nam a2200217Ia 4500 | ||
|---|---|---|---|
| 008 | 210210b2009 xxu||||| |||| 00| 0 eng d | ||
| 041 | _aeng | ||
| 082 | _a657.46 MAND | ||
| 100 | _aMANOHARAN (T N) | ||
| 245 | _aDirect tax laws assessment year 2009-10 | ||
| 260 |
_aMumbai _bSnow white Publications _c2009 |
||
| 300 | _acxlvi,1308 | ||
| 650 | _ayear | ||
| 650 | _atax | ||
| 650 | _alaws | ||
| 650 | _aDirect | ||
| 650 | _aassessment | ||
| 650 | _a2009-10 | ||
| 690 | _aIncome Tax | ||
| 906 | _a063597 | ||
| 999 |
_c138563 _d138563 |
||